000 01038cam a22003011 4500
001 25481
003 BD-RjUL
005 20211209050903.0
008 140318s1956 njua 001 0 eng
035 _a(BD-RjUL)25551
040 _aDLC
_cDLC
_dDLC
_beng
041 1 _aengchi
082 0 0 _a951.03
_bCHP 1963
100 1 _aChien- nung, Li
_978234
245 0 4 _aThe political history of China, 1840-1928.
_cTranslated and edited by Ssu-yu Teng and Jeremy Ingalls.
260 _aPrinceton, N.J.,
_bD. Van Nostrand Co.
_c1956.
300 _a545 p. :
_billus. ;
_c24 cm.
504 _aIncludes index.
651 0 _aChina
_xPolitics and government
_y19th century.
_978235
651 0 _aChina
_xPolitics and government
_y1900-1949.
_978372
651 0 _aChina
_xForeign relations.
_978373
700 1 _aTeng, Ssu-yü,
_d1906-
_eed. and tr.
_977491
700 1 _aIngalls, Jeremy,
_d1911-2000
_eed. and tr.
_978238
942 _2ddc
_cBK
999 _c25481
_d25481